000 01031nam a22003137a 4500
001 BR8108291
003 BR-BrBNA
005 20230928091148.0
007 ta
008 230509b bl.||||| |||| 00| 0 por d
040 _aBR-BrBNA
_bpor
_cBiblioteca Nacional de Agricultura
041 _a(Por)
072 _aF00; N10; C00
_b1540
_b4440
_b/G514
090 _ 1540 BR8108291
100 1 _aTernes, M.
110 1 _aEmpresa Catarinense de Pesquisa Agropecuaria S.A., Itajai, SC (Brasil). Estacao Experimental de Itajai
_93968
245 1 _aMetodos de armazenamento de ramas [mandioca, regiao sul, Brasil]
_b1. Curso intensivo para capacitacao tecnica na cultura da mandioca para regiao sul brasileira
260 3 _aItajai, SC (Brasil):
_c[nd].
300 _a9 p.
500 _a10 illus. Published 1980?
650 _aMANDIOCA
650 _aARMAZENAMENTO
650 _aINSTALACAO AGRICOLA
650 _aCURSO
650 _aEXTENSAO RURAL
650 _aREGIAO SUL
909 _a202309
_bLucia
_c55
_dLucia Elande
942 _cBK
999 _c32568
_d32568